000 00491nam a2200181Ia 4500
008 090124s9999 xx 000 0 und d
082 _b47196
100 _aधर्मापुरीकर मधुकर
245 _a रूप
250 _a1
260 _c2008
300 _a140
600 _aधर्मापुरीकर मधुकर
630 _a रूप
700 _aधर्मापुरीकर मधुकर
730 _a रूप
942 _cBOOK
999 _c113415
_d113415